000 00591nam a22001937a 4500
999 _c16715
_d16715
003 OSt
005 20180319095046.0
008 180319b xxu||||| |||| 00| 0 eng d
020 _a9789041126122
040 _ckabu
050 _aK 1705
_b.C66 2007 C.1
100 _aKluwer, Wolters
245 _aCompparative labour law and industrial relations in industrialized market economies
_cWolters Kluwer
260 _aNetherlands
_bKluwer Law International
_c2007
300 _axxxvi, 776p.
650 _aLabor laws and legislation
650 _aIndustrial relations
942 _2lcc
_cBK